Боль одиночества; Энергия: экономика, техника, экология; № 9

Xehetasun bibliografikoak
Parent link:Энергия: экономика, техника, экология: научно-популярный и общественно-политический журнал/ Российская академия наук (РАН).— , 1984-.— 0233-3619
№ 9.— 2003.— С. 69-72
Egile nagusia: Мышко Т. Л.
Hizkuntza:errusiera
Argitaratua: 2003
Gaiak:
Formatua: Liburu kapitulua
KOHA link:https://koha.lib.tpu.ru/cgi-bin/koha/opac-detail.pl?biblionumber=388573

MARC

LEADER 00000naa2a2200000 4500
001 388573
005 20231101063750.0
035 |a (RuTPU)RU\TPU\prd\19867 
090 |a 388573 
100 |a 20031121a2003 k y0rusy50 ca 
101 0 |a rus 
102 |a RU 
200 1 |a Боль одиночества  |f Т. Л. Мышко 
461 1 |0 (RuTPU)RU\TPU\prd\458  |x 0233-3619  |t Энергия: экономика, техника, экология  |o научно-популярный и общественно-политический журнал  |f Российская академия наук (РАН)  |d 1984- 
463 1 |0 (RuTPU)RU\TPU\prd\18675  |t № 9  |v С. 69-72  |d 2003 
610 1 |a одиночество 
610 1 |a психологические проблемы 
610 1 |a чувство одиночества 
610 1 |a одинокая толпа 
610 1 |a изоляция 
700 1 |a Мышко  |b Т. Л. 
801 1 |a RU  |b 63413507  |c 20031121  |g PSBO 
801 2 |a RU  |b 63413507  |c 20150430  |g RCR 
942 |c BK